<?xml version="1.0" encoding="UTF-8"?>
<record
    xmlns:xsi="http://www.w3.org/2001/XMLSchema-instance"
    xsi:schemaLocation="http://www.loc.gov/MARC21/slim http://www.loc.gov/standards/marcxml/schema/MARC21slim.xsd"
    xmlns="http://www.loc.gov/MARC21/slim">

  <leader>01358ntm a2200277 i 4500</leader>
  <controlfield tag="001">91826</controlfield>
  <controlfield tag="003">ES-MaACL</controlfield>
  <controlfield tag="005">20240410063032.0</controlfield>
  <controlfield tag="007">t|</controlfield>
  <controlfield tag="008">050222b1780    sp a         |||| | spa d</controlfield>
  <datafield tag="040" ind1=" " ind2=" ">
    <subfield code="c">ES-MaACL</subfield>
  </datafield>
  <datafield tag="100" ind1="1" ind2=" ">
    <subfield code="a">Barcones y Carri&#xF3;n, Antonio.</subfield>
    <subfield code="9">25565</subfield>
    <subfield code="e">aut</subfield>
  </datafield>
  <datafield tag="245" ind1="1" ind2="0">
    <subfield code="a">Colecci&#xF3;n de varios monumentos antiguos y otras piezas curiosas sacadas con la mayor fidelidad de documentos originales</subfield>
    <subfield code="h">[Manuscrito] / </subfield>
    <subfield code="c">Antonio Barcones y Carri&#xF3;n.</subfield>
  </datafield>
  <datafield tag="260" ind1=" " ind2=" ">
    <subfield code="a">[s.l. : </subfield>
    <subfield code="b">s.n., </subfield>
    <subfield code="c">ca. 1780]</subfield>
  </datafield>
  <datafield tag="300" ind1=" " ind2=" ">
    <subfield code="a">[18] hojas : </subfield>
    <subfield code="b">ilustraciones ; </subfield>
    <subfield code="c">47 cm.</subfield>
  </datafield>
  <datafield tag="505" ind1=" " ind2=" ">
    <subfield code="a">Real Pante&#xF3;n de San Juan de la Pe&#xF1;a en que se conservan las venerables cenizas de los seren&#xED;simos reyes de Arag&#xF3;n y Navarra... y otros documentos</subfield>
  </datafield>
  <datafield tag="530" ind1=" " ind2=" ">
    <subfield code="a">Disponible en formato digital.</subfield>
  </datafield>
  <datafield tag="594" ind1=" " ind2=" ">
    <subfield code="a">Manuscrito dedicado al conde de Floridablanca.</subfield>
  </datafield>
  <datafield tag="610" ind1="2" ind2="4">
    <subfield code="a">Monasterio de San Juan de la Pe&#xF1;a-</subfield>
    <subfield code="x">Historia.</subfield>
    <subfield code="9">5746</subfield>
  </datafield>
  <datafield tag="740" ind1="0" ind2="2">
    <subfield code="a">Real Pante&#xF3;n de San Juan de la Pe&#xF1;a, en que se conservan las venerables cenizas de los seren&#xED;simos reyes de Arag&#xF3;n y Navarra.</subfield>
  </datafield>
  <datafield tag="852" ind1="4" ind2=" ">
    <subfield code="a">ES-MaACL</subfield>
    <subfield code="c">DEPO</subfield>
    <subfield code="d">Olim:B-7749</subfield>
    <subfield code="j">R-2950 </subfield>
  </datafield>
  <datafield tag="856" ind1="4" ind2=" ">
    <subfield code="u">https://bvpb.mcu.es/es/consulta/registro.do?id=577741</subfield>
    <subfield code="y">Versi&#xF3;n en l&#xED;nea</subfield>
    <subfield code="z">(Biblioteca Virtual del Patrimonio Bibliogr&#xE1;fico)</subfield>
  </datafield>
  <datafield tag="942" ind1=" " ind2=" ">
    <subfield code="c">MANUSCRITO</subfield>
    <subfield code="n">0</subfield>
  </datafield>
  <datafield tag="999" ind1=" " ind2=" ">
    <subfield code="c">91826</subfield>
    <subfield code="d">91826</subfield>
  </datafield>
  <datafield tag="952" ind1=" " ind2=" ">
    <subfield code="0">0</subfield>
    <subfield code="1">0</subfield>
    <subfield code="4">0</subfield>
    <subfield code="7">0</subfield>
    <subfield code="8">Colecci&#xF3;n_digital</subfield>
    <subfield code="a">ATENEOM</subfield>
    <subfield code="b">ATENEOM</subfield>
    <subfield code="c">DEPO</subfield>
    <subfield code="d">2008-01-17</subfield>
    <subfield code="e">SC</subfield>
    <subfield code="l">0</subfield>
    <subfield code="o">R-2950</subfield>
    <subfield code="p">1095876</subfield>
    <subfield code="r">2023-02-23 00:00:00</subfield>
    <subfield code="w">2023-02-23</subfield>
    <subfield code="y">MANUSCRITO</subfield>
  </datafield>
</record>
